|
|
|
|
| LEADER |
01620nam a2200469 a 4500 |
| 001 |
nkc20102091564 |
| 003 |
CZ PrNK |
| 005 |
20101203081156.0 |
| 007 |
ta |
| 008 |
100319s2010 xr a g f 000 0 cze |
| 015 |
|
|
|a cnb002091564
|
| 020 |
|
|
|a 978-80-247-3398-2
|q (brož.)
|
| 035 |
|
|
|a (OCoLC)649799941
|
| 040 |
|
|
|a OLA001
|b cze
|d ABA001
|
| 041 |
1 |
|
|a cze
|a eng
|h ger
|
| 072 |
|
7 |
|a 811.111
|x Angličtina
|2 Konspekt
|9 11
|
| 080 |
|
|
|a 811.111
|2 MRF
|
| 080 |
|
|
|a 81'24
|2 MRF
|
| 080 |
|
|
|a (076.3)
|2 MRF
|
| 100 |
1 |
|
|a Stevens, John
|7 mzk2007408184
|4 aut
|
| 245 |
1 |
0 |
|a Angličtina - fráze pro každodenní komunikaci /
|c John Stevens ; [přeložil Richard Kříž]
|
| 246 |
1 |
|
|i Název na rubu tit. s.:
|a Procvičujeme si-- angličtina - fráze pro každodenní komunikaci
|
| 246 |
3 |
|
|a Fráze pro každodenní komunikaci - angličtina
|
| 250 |
|
|
|a 1. vyd.
|
| 260 |
|
|
|a Praha :
|b Grada,
|c 2010
|
| 300 |
|
|
|a 152 s. :
|b il. ;
|c 16 cm
|
| 490 |
1 |
|
|a Velmi lehce
|
| 500 |
|
|
|a Část. přeloženo z němčiny
|
| 500 |
|
|
|a Na obálce uvedeno: pro A1 - B1
|
| 650 |
0 |
7 |
|a angličtina
|7 ph114056
|2 czenas
|
| 650 |
0 |
7 |
|a fráze
|7 ph135256
|2 czenas
|
| 650 |
0 |
9 |
|a English language
|2 eczenas
|
| 650 |
0 |
9 |
|a phrases
|2 eczenas
|
| 655 |
|
7 |
|a diktáty a cvičení
|7 fd186920
|2 czenas
|
| 655 |
|
9 |
|a language exercises and dictations
|2 eczenas
|
| 765 |
0 |
|
|t Phrases for everyday communication
|9 Česky
|
| 830 |
|
0 |
|a Velmi lehce
|0 s
|
| 910 |
2 |
|
|a BOA001
|b 1-1243.320
|
| 990 |
|
|
|a BK
|
| 995 |
|
|
|a 01
|
| 991 |
|
|
|b 201006
|c NOV
|
| 996 |
6 |
|
|b 2610437691
|c 1-1243.320
|l MZK
|r Sklad / do 1 hodiny
|n 4
|p p.v.
|w 001122286
|u 000010
|a 1
|e BOA001
|j MZK50
|s P
|